00753 2200265 4500001002100000005001700021008004100038035002400079040001500103082001100118090001800129100002200147245006600169260004100235300003000276440003100306500003500337500001100372650002700383700002000410850001200430990001500442990001500457990001500472YOGYA-0209000002787120090227024200.0 ind  0010-020900000027871 aYOPDYOG(B) a658.83 a658.83bHon R aHONOMICHL, Jack J aRiset pemasarancJack J.Honomichl; alih bahasa Syahrizal Noor aJakartabElex Media Komputindoc1991 axiv, 348 hlmbilusc24 cm aSeri Pemasaran dan promosi aJudul asli : marketing reseach aIndeks aPemasaran - Penelitian aNoor, Syahrizal aYOPDYOG a94P0051178 a94P0051179 a97B0026062